书目信息 |
| 题名: |
愿此生, 无忧亦无惧
|
|
| 作者: | 朱光潜, 著 | |
| 分册: | 谈人生 | |
| 出版信息: | 北京 石油工业出版社 2019.03 |
|
| 页数: | 187页, [24] 页图版 | |
| 开本: | 21cm | |
| 丛书名: | ||
| 单 册: | ||
| 中图分类: | B821-49 , I0 | |
| 科图分类: | ||
| 主题词: | 人生哲学--ren sheng zhe xue--通俗读物 , 文学理论--wen xue li lun | |
| 电子资源: | ||
| ISBN: | 978-7-5183-2727-0 | |
| 000 | 01217nam 2200301 450 | |
| 001 | CAL 0120192712560 | |
| 005 | 20230307163214.27 | |
| 010 | @a978-7-5183-2727-0@dCNY24.00 | |
| 100 | @a20190320d2019 em y0chiy0120 ea | |
| 101 | 0 | @achi |
| 102 | @aCN@b110000 | |
| 105 | @aaf z 000yy | |
| 106 | @ar | |
| 200 | 1 | @a愿此生, 无忧亦无惧@Ayuan ci sheng , wu you yi wu ju@e朱光潜谈人生、谈文学@i谈人生@f朱光潜著 |
| 210 | @a北京@c石油工业出版社@d2019.03 | |
| 215 | @a187页, [24] 页图版@c图@d21cm | |
| 314 | @a朱光潜, 中国现代著名的美学家、文艺理论家、教育家、翻译家。 | |
| 330 | @a本书包括朱光潜先生作品《谈人生》《谈文学》两小册。《谈人生》主要内容包括: 文学与人生 ; 看戏与演戏 —— 两种人生理想 ; 谈青年与恋爱结婚 ; 消除烦闷与超脱现实 ; 谈趣味 ; 生命 ; 谈交友 ; 学业·职业·事业等。 | |
| 517 | 1 | @a朱光潜谈人生、谈文学@Azhu guang qian tan ren sheng 、 tan wen xue |
| 517 | 1 | @a谈人生@Atan ren sheng |
| 606 | 0 | @a人生哲学@Aren sheng zhe xue@j通俗读物 |
| 606 | 0 | @a文学理论@Awen xue li lun |
| 690 | @aB821-49@v5 | |
| 690 | @aI0@v5 | |
| 701 | 0 | @a朱光潜,@Azhu guang qian@f1897-1986@4著 |
| 801 | 0 | @aCN@bBJXHZP@c20230228 |
| 905 | @b1406263-6@dB821-49@e2000:2@f4 | |
| 998 | @bbm001b-2019.08.12 11:29:36 | |
| 愿此生, 无忧亦无惧:朱光潜谈人生、谈文学.谈人生/朱光潜著.-北京:石油工业出版社,2019.03 |
| 187页, [24] 页图版:图;21cm |
| ISBN 978-7-5183-2727-0:CNY24.00 |
| 本书包括朱光潜先生作品《谈人生》《谈文学》两小册。《谈人生》主要内容包括: 文学与人生 ; 看戏与演戏 —— 两种人生理想 ; 谈青年与恋爱结婚 ; 消除烦闷与超脱现实 ; 谈趣味 ; 生命 ; 谈交友 ; 学业·职业·事业等。 |
| ● |
| 相关链接 |
|
|
|
|
正题名:愿此生, 无忧亦无惧
索取号:B821-49/2000:2
 
预约/预借
| 序号 | 登录号 | 条形码 | 馆藏地/架位号 | 状态 | 备注 |
| 1 | 1406263 | 214062636 | 第一样本阅览室/ [索取号:B821-49/2000:2] | 在馆 | |
| 2 | 1406264 | 214062645 | 第一借阅区/ [索取号:B821-49/2000:2] | 在馆 | |
| 3 | 1406265 | 214062654 | 第一借阅区/ [索取号:B821-49/2000:2] | 在馆 | |
| 4 | 1406266 | 214062663 | 第一借阅区/ [索取号:B821-49/2000:2] | 在馆 |